00529 2200217 4500001002100000005001500021035002000036007000300056008004100059020001800100082001000118084001600128100001100144245004200155250001100197260003400208300002900242650002100271990001000292990000900302INLIS00000000001044120220330022702 a0010-0222000244ta220330 g 0 ind  a9786029186079 a745.5 a745.5 YOH r0 aYOHANA1 aReplika Makanan dari Benang /cYohana acet. 1 aSurabaya :bTiara aksa,c2011 a80 hlm :b.ilus ;c21 cm 4aKERAJINAN TANGAN a5213m a5213